000 00312nam a22001337a 4500
008 180814b xxu||||| |||| 00| 0 eng d
020 _a9780205626267
041 _aeng
080 _a311
100 _a55
101 _aSTA
245 _aSTASTISTICS CONCEPTS BEHAVIORAL SCIENCES
_cKIESS.H.O
942 _2udc
_cBK
999 _c47105
_d47105